Complétez l'expression française avec une image - Corps humain - Statistiques

Statistiques générales
  • Ce quiz a été pris 178 fois
  • Le résultat moyen est 14 sur 16
Statistiques - réponses
Hint Réponse % Correct

Expression

Avoir la puce à l'____

images?q=tbn:ANd9GcS7xirUoAWmlABLdJKPK0HIT3y1nLNRoC4YFQ&s
98%

Expression

Ne pas y aller de ____ morte

images?q=tbn:ANd9GcS7xirUoAWmlABLdJKPK0HIT3y1nLNRoC4YFQ&s
95%

Expression

Arriver comme un ____ sur la soupe

images?q=tbn:ANd9GcS7xirUoAWmlABLdJKPK0HIT3y1nLNRoC4YFQ&s
94%

Expression

Mener quelqu'un par le bout du ____

images?q=tbn:ANd9GcS7xirUoAWmlABLdJKPK0HIT3y1nLNRoC4YFQ&s
93%

Expression

Prendre ses ____ à son cou

images?q=tbn:ANd9GcS7xirUoAWmlABLdJKPK0HIT3y1nLNRoC4YFQ&s
90%

Expression

Faire le ____ rond

images?q=tbn:ANd9GcS7xirUoAWmlABLdJKPK0HIT3y1nLNRoC4YFQ&s
90%

Expression

Mettre du baume au ____

images?q=tbn:ANd9GcS7xirUoAWmlABLdJKPK0HIT3y1nLNRoC4YFQ&s
89%

Expression

Faire la fine ____

images?q=tbn:ANd9GcS7xirUoAWmlABLdJKPK0HIT3y1nLNRoC4YFQ&s
87%

Expression

Se défendre bec et ____

images?q=tbn:ANd9GcS7xirUoAWmlABLdJKPK0HIT3y1nLNRoC4YFQ&s
86%

Expression

Faire des ____ de merlan frit

images?q=tbn:ANd9GcS7xirUoAWmlABLdJKPK0HIT3y1nLNRoC4YFQ&s
86%

Expression

Avoir les ____ qui enflent

images?q=tbn:ANd9GcS7xirUoAWmlABLdJKPK0HIT3y1nLNRoC4YFQ&s
86%

Expression

Être bête comme ses ____

images?q=tbn:ANd9GcS7xirUoAWmlABLdJKPK0HIT3y1nLNRoC4YFQ&s
82%

Expression

Se regarder le ____

images?q=tbn:ANd9GcS7xirUoAWmlABLdJKPK0HIT3y1nLNRoC4YFQ&s
80%

Expression

____ dessus, ____ dessous

images?q=tbn:ANd9GcS7xirUoAWmlABLdJKPK0HIT3y1nLNRoC4YFQ&s
77%

Expression

Avoir l'____ dans les talons

images?q=tbn:ANd9GcS7xirUoAWmlABLdJKPK0HIT3y1nLNRoC4YFQ&s
76%

Expression

Avoir les ____

images?q=tbn:ANd9GcS7xirUoAWmlABLdJKPK0HIT3y1nLNRoC4YFQ&s
58%
Aucun quiz correspondant
Distribution des résultats
% des personnes avec chaque résultat
Percentile par nombre de réponses
Votre historique - résultats
Vous n’avez pas pris ce quiz